000
00298nam a22001337a 4500
008
171019b xxu||||| |||| 00| 0 eng d
020
_a
9780130669230
041
_a
eng
080
_2
6TH
_a
338
100
_a
53
101
_a
MEN
245
_a
THE MANAGER'S BOOKSHELF
_c
PIERCE,J.L
942
_2
udc
_c
BK
999
_c
34969
_d
34969